000 00406 a2200169 4500
001 49848
020 _a9788538071877
040 _cAnchieta - Bela Vista
100 _aLopes, Vivian Caroline
240 1 0 _aMari miró e o príncipe negro
_lpor
245 1 0 _aMari miró e o príncipe negro
300 _a48
362 0 _a2017
440 1 _aCiranda Cultural
650 4 _aLiteratura juvenil
942 _cBK
999 _c49848
_d49848